|
|
|
|
| LEADER |
00000nab a2200000 a 4500 |
| 001 |
vtls000461343 |
| 003 |
SK-MaSNL |
| 005 |
20260303230240.0 |
| 008 |
230214c1992 xo 0 slo |
| 015 |
|
|
|a SNBRB19rr/mm-uuuuu
|
| 035 |
|
|
|a CL0461475
|
| 035 |
|
|
|a urn:nbn:sk:snk-abawu
|
| 035 |
|
|
|a (urnnbn)urn:nbn:sk:snk:ar-a03eyf
|
| 035 |
|
|
|a (uuid)7dd24f0b-3750-4885-a718-024963f6f53d
|
| 040 |
|
|
|a SNKBUCL
|b slo
|c SNKBUCL
|e AACR2
|
| 041 |
0 |
|
|a slo
|
| 044 |
|
|
|a xo
|c SK
|
| 080 |
|
|
|a 612.816
|2 1981
|
| 245 |
0 |
0 |
|a Počítačová analýza reflexných svalových odpovedí na elektrickú stimuláciu periférnych nervov ; Vladimír Konček, Július Kundrát, Mariana Jergelová, František Podivinský
|
| 300 |
|
|
|b Obr. 5. Res. angl., lit. 9 zázn. v slov., angl.
|
| 650 |
0 |
7 |
|a svaly
|2 snkbucl
|9 19994
|
| 650 |
0 |
7 |
|a nervy periférne
|2 snkbucl
|9 1217664
|
| 655 |
|
7 |
|a články z novín a časopisov
|2 snkbucl
|9 267496
|
| 700 |
1 |
|
|a Konček, Vladimír
|4 aut
|9 6409
|
| 700 |
1 |
|
|a Kundrát, Július
|4 aut
|9 1264057
|
| 700 |
1 |
|
|a Jergelová, Mariana
|4 aut
|9 5184
|
| 700 |
1 |
|
|a Podivinský, František,
|d 1923-
|4 aut
|9 198324
|
| 773 |
0 |
|
|t Bratislavské lekárske listy
|g Roč. 93, č. 6 (1992), s. 319-323
|
| 850 |
|
|
|a Slovenská národná knižnica v Martine
|a MTA001
|
| 852 |
|
|
|a SNK
|b KIS3GCP
|
| 954 |
|
|
|a odborná, vedecká literatúra pôvodná (slovenská)
|2 lita
|
| 958 |
|
|
|a NB
|
| 958 |
|
|
|a RK
|
| 958 |
|
|
|a MI
|
| 958 |
|
|
|a OND
|
| 958 |
|
|
|a EUIPO
|
| 958 |
|
|
|a article27
|
| 992 |
|
|
|a RBX
|
| 999 |
|
|
|c 2260913
|d 2262843
|